<?xml version='1.0' encoding='UTF-8'?>
  <record xmlns="http://www.loc.gov/MARC21/slim">
    <leader>00000cam a22000003a 4500</leader>
    <controlfield tag="001">ocm10732453</controlfield>
    <controlfield tag="003">OCoLC</controlfield>
    <controlfield tag="005">20240127100239.6</controlfield>
    <controlfield tag="008">840515s1884    ne            000 0 dut d</controlfield>
    <datafield tag="040" ind1=" " ind2=" ">
      <subfield code="a">WTS</subfield>
      <subfield code="b">eng</subfield>
      <subfield code="c">WTS</subfield>
      <subfield code="d">OCLCQ</subfield>
      <subfield code="d">OCLCO</subfield>
      <subfield code="d">OCLCF</subfield>
      <subfield code="d">OCLCO</subfield>
      <subfield code="d">OCLCQ</subfield>
      <subfield code="d">OCLCL</subfield>
    </datafield>
    <datafield tag="029" ind1="1" ind2=" ">
      <subfield code="a">NLGGC</subfield>
      <subfield code="b">822793733</subfield>
    </datafield>
    <datafield tag="035" ind1=" " ind2=" ">
      <subfield code="a">(OCoLC)10732453</subfield>
    </datafield>
    <datafield tag="050" ind1=" " ind2="4">
      <subfield code="a">BX9474</subfield>
      <subfield code="b">.C656 1884</subfield>
    </datafield>
    <datafield tag="245" ind1="0" ind2="0">
      <subfield code="a">Compleete uitgave van de officiëele stukken betreffende den uitgang uit het Nederl. Herv. Kerkgenootschap van de leeraren H.P. Scholte, A. Brummelkamp, S. van Velzen, G.F. Gezelle Meerburg en Dr. A.C. van Raalte.</subfield>
    </datafield>
    <datafield tag="250" ind1=" " ind2=" ">
      <subfield code="a">2de druk.</subfield>
    </datafield>
    <datafield tag="260" ind1=" " ind2=" ">
      <subfield code="a">Kampen :</subfield>
      <subfield code="b">Zalsman,</subfield>
      <subfield code="c">1884.</subfield>
    </datafield>
    <datafield tag="336" ind1=" " ind2=" ">
      <subfield code="a">text</subfield>
      <subfield code="b">txt</subfield>
      <subfield code="2">rdacontent</subfield>
    </datafield>
    <datafield tag="337" ind1=" " ind2=" ">
      <subfield code="a">unmediated</subfield>
      <subfield code="b">n</subfield>
      <subfield code="2">rdamedia</subfield>
    </datafield>
    <datafield tag="500" ind1=" " ind2=" ">
      <subfield code="a">Originally published in 1863.</subfield>
    </datafield>
    <datafield tag="610" ind1="2" ind2="0">
      <subfield code="a">Nederlandse Hervormde Kerk</subfield>
      <subfield code="x">Parties and movements</subfield>
      <subfield code="v">Sources.</subfield>
    </datafield>
    <datafield tag="610" ind1="2" ind2="7">
      <subfield code="a">Nederlandse Hervormde Kerk.</subfield>
      <subfield code="2">fast</subfield>
      <subfield code="0">(OCoLC)fst00619900</subfield>
    </datafield>
    <datafield tag="655" ind1=" " ind2="7">
      <subfield code="a">Sources.</subfield>
      <subfield code="2">fast</subfield>
      <subfield code="0">(OCoLC)fst01423900</subfield>
    </datafield>
    <datafield tag="700" ind1="1" ind2=" ">
      <subfield code="a">Scholte, H. P.</subfield>
      <subfield code="q">(Hendrik Peter),</subfield>
      <subfield code="d">1805-1868.</subfield>
      <subfield code="1">https://id.oclc.org/worldcat/entity/E39PBJvxwkQ6cKxh6b7GFmh8md</subfield>
    </datafield>
    <datafield tag="758" ind1=" " ind2=" ">
      <subfield code="i">has work:</subfield>
      <subfield code="a">Compleete uitgave van de officiëele stukken betreffende den uitgang uit het Nederl. Herv. Kerkgenootschap van de leeraren H.P. Scholte, A. Brummelkamp, S. van Velzen, G.F. Gezelle Meerburg en Dr. A.C. van Raalte (Text)</subfield>
      <subfield code="1">https://id.oclc.org/worldcat/entity/E39PCGyvtVjDr6JCWVYcKV4MKd</subfield>
      <subfield code="4">https://id.oclc.org/worldcat/ontology/hasWork</subfield>
    </datafield>
    <datafield tag="776" ind1="0" ind2="8">
      <subfield code="i">Online version:</subfield>
      <subfield code="t">Compleete uitgave van de officiëele stukken betreffende den uitgang uit het Nederl. Herv. Kerkgenootschap van de leeraren H.P. Scholte, A. Brummelkamp, S. van Velzen, G.F. Gezelle Meerburg en Dr. A.C. van Raalte.</subfield>
      <subfield code="b">2de druk.</subfield>
      <subfield code="d">Kampen : Zalsman, 1884</subfield>
      <subfield code="w">(OCoLC)844704312</subfield>
    </datafield>
  </record>